The Seven Continents - Statistics

General Stats
  • This quiz has been taken 21 times
  • The average score is 6 of 7
Answer Stats
Answer % Correct
Asia
100%
Africa
94%
Europe
88%
North America
88%
Oceania / Australia
88%
South America
88%
Antarctica
65%
No matching quizzes found
Score Distribution
Percent of People with Each Score
Percentile by Number Answered
Your Score History
You have not taken this quiz